Accrington Stanley Trivia - Statistics

General Stats
  • This quiz has been taken 3 times
  • The average score is 6 of 15
Answer Stats
Question Answer % Correct
In 2020, Accrington Stanley retired the #29 shirt in honour of which player, who retired from professional football that season due to mental health issues? Billy Kee
67%
Who is Accrington Stanley's longest-serving and most successful manager, taking charge of 1098 games across two spells and guiding them from the eighth tier to the third tier? John Coleman
67%
Who is the current manager of Accrington Stanley? John Doolan
67%
Who is Accrington Stanley’s record sale, joining Ipswich Town for £1m in 2018? Kayden Jackson
67%
The iconic line “Accrington Stanley, who are they?” was used in television adverts for what product? Milk
67%
What is the name of Accrington Stanley’s stadium? Wham Stadium
67%
In 2007, Accrington Stanley supporters voted which legend as the club's all-time favourite player? Chris Grimshaw
33%
With which fellow Lancashire club does Accrington Stanley share its fiercest rivalry? Morecambe
33%
Which former Accrington Stanley record appearance holder was the club's top scorer as they won the 2005/06 Conference title? Paul Mullin
33%
The original Accrington Stanley played at which ground from 1919 until 1963? Peel Park
33%
Who is the current captain of Accrington Stanley? Seamus Conneely
33%
Which Englishman is Accrington Stanley’s record appearance-maker with 445? Sean McConville
33%
What is Accrington Stanley’s nickname? The {‘Owd} {Reds}
33%
Which Englishman is Accrington Stanley’s record goalscorer with 309? Dave Hargreaves
0%
Who is Accrington Stanley’s record signing, arriving from Swansea City for £114k in 2008? Ian Craney
0%
No matching quizzes found
Score Distribution
Percent of People with Each Score
Percentile by Number Answered
Your Score History
You have not taken this quiz